All Countries by Land Area (2023) - Statistics

General Stats
  • This quiz has been taken 14 times
  • The average score is 68 of 192
Answer Stats
Country % Correct
Canada
92%
China/United States
92%
United States/China
92%
Brazil
77%
Argentina
62%
Chile
62%
India
62%
Mexico
62%
Afghanistan
54%
Australia
54%
Dominican Republic
54%
Egypt
54%
Indonesia
54%
Iran
54%
Kazakhstan
54%
Libya
54%
Mauritania
54%
Morocco
54%
Saudi Arabia
54%
Algeria
46%
Antigua & Barbuda
46%
Barbados
46%
Belize
46%
Colombia
46%
Costa Rica
46%
El Salvador
46%
France
46%
Haiti
46%
Honduras
46%
Iraq
46%
Israel
46%
Japan
46%
Mali
46%
Myanmar
46%
Nauru
46%
Nicaragua
46%
Pakistan
46%
Panama
46%
Peru
46%
Saint Kitts & Nevis
46%
Thailand
46%
Turkey
46%
United Kingdom
46%
Venezuela
46%
Angola
38%
Armenia
38%
Azerbaijan
38%
Bahamas
38%
Bahrain
38%
Bhutan
38%
Bolivia
38%
Central African Republic
38%
Chad
38%
Dominica
38%
Ethiopia
38%
Georgia
38%
Germany
38%
Grenada
38%
Guatemala
38%
Guinea
38%
Guinea-Bissau
38%
Guyana
38%
Jamaica
38%
Jordan
38%
Kyrgyzstan
38%
Laos
38%
Lebanon
38%
Madagascar
38%
Malawi
38%
Mongolia
38%
Mozambique
38%
Namibia
38%
Nepal
38%
Niger
38%
Nigeria
38%
Oman
38%
Palau
38%
Paraguay
38%
Qatar
38%
Rep. of the Congo
38%
Samoa
38%
Senegal
38%
Somalia
38%
South Africa
38%
South Sudan
38%
St Lucia
38%
Sudan
38%
Suriname
38%
Syria
38%
Tajikistan
38%
Trinidad & Tobago
38%
Tunisia
38%
Turkmenistan
38%
Ukraine
38%
Uruguay
38%
Uzbekistan
38%
Vanuatu
38%
Vietnam
38%
Yemen
38%
Zambia
38%
Zimbabwe
38%
Benin
31%
Brunei
31%
Cambodia
31%
Cameroon
31%
Cuba
31%
Denmark
31%
Ecuador
31%
Equatorial Guinea
31%
Fiji
31%
Finland
31%
Ghana
31%
Iceland
31%
Italy
31%
Kenya
31%
Kiribati
31%
Kuwait
31%
Malaysia
31%
Mauritius
31%
Micronesia
31%
New Zealand
31%
North Korea
31%
Norway
31%
Papua New Guinea
31%
Philippines
31%
Portugal
31%
Rwanda
31%
San Marino
31%
Solomon Islands
31%
South Korea
31%
Spain
31%
Sweden
31%
Taiwan
31%
Tanzania
31%
Togo
31%
Tonga
31%
Tuvalu
31%
Uganda
31%
United Arab Emirates
31%
Andorra
23%
Austria
23%
Bangladesh
23%
Belarus
23%
Belgium
23%
Bosnia & Herzegovina
23%
Botswana
23%
Bulgaria
23%
Burundi
23%
Cabo Verde/Cape Verde
23%
Comoros
23%
Croatia
23%
Cyprus
23%
Czechia
23%
Djibouti
23%
East Timor/Timor-Leste
23%
Eritrea
23%
Eswatini/Swaziland
23%
Gabon
23%
Gambia
23%
Greece
23%
Hungary
23%
Lesotho
23%
Liberia
23%
Liechtenstein
23%
Luxembourg
23%
Maldives
23%
Malta
23%
Moldova
23%
Monaco
23%
Montenegro
23%
Netherlands
23%
North Macedonia
23%
Poland
23%
Romania
23%
Serbia
23%
Seychelles
23%
Sierra Leone
23%
Singapore
23%
Slovakia
23%
Slovenia
23%
Sri Lanka
23%
Switzerland
23%
Albania
15%
Burkina Faso
15%
Estonia
15%
Ireland
15%
Latvia
15%
Lithuania
15%
St Vincent & Grenadines
8%
Demoractic Rep. of the Congo
0%
Ivory Coast (Côte d’Ivoire)
0%
Puerto Rico
0%
No matching quizzes found
Score Distribution
Percent of People with Each Score
Percentile by Number Answered
Your Score History
You have not taken this quiz